Welcome to CU Library Online Public Access Catalogue (OPAC)

Biogeography / (Record no. 1984)

MARC details
000 -LEADER
fixed length control field 00584cam a2200217 i 4500
001 - CONTROL NUMBER
control field 3226387
005 - DATE AND TIME OF LATEST TRANSACTION
control field 20241209110521.0
008 - FIXED-LENGTH DATA ELEMENTS--GENERAL INFORMATION
fixed length control field 790424s1979 nyua b 001 0 eng
020 ## - INTERNATIONAL STANDARD BOOK NUMBER
International Standard Book Number 0471058459
050 00 - LIBRARY OF CONGRESS CALL NUMBER
Classification number QH84
Item number .P53
082 00 - DEWEY DECIMAL CLASSIFICATION NUMBER
Classification number 574.9
100 1# - MAIN ENTRY--PERSONAL NAME
Personal name Pielou, E. C.,
Dates associated with a name 1924-
245 10 - TITLE STATEMENT
Title Biogeography /
Statement of responsibility, etc. E. C. Pielou.
260 ## - PUBLICATION, DISTRIBUTION, ETC.
Place of publication, distribution, etc. New York :
Name of publisher, distributor, etc. Wiley,
Date of publication, distribution, etc. c1979.
300 ## - PHYSICAL DESCRIPTION
Extent ix, 351 p. :
Other physical details ill. ;
Dimensions 24 cm.
500 ## - GENERAL NOTE
General note "A Wiley-Interscience publication."
500 ## - GENERAL NOTE
General note Includes indexes.
650 #0 - SUBJECT ADDED ENTRY--TOPICAL TERM
Topical term or geographic name entry element Biogeography.
650 #0 - SUBJECT ADDED ENTRY--TOPICAL TERM
Topical term or geographic name entry element Evolution (Biology)
942 ## - ADDED ENTRY ELEMENTS (KOHA)
Source of classification or shelving scheme Library of Congress Classification
Koha item type Books
Suppress in OPAC No
999 ## -
-- 1984
-- 1984
Holdings
Withdrawn status Lost status Source of classification or shelving scheme Damaged status Not for loan Collection Home library Current library Shelving location Date acquired Total checkouts Full call number Barcode Date last seen Copy number Price effective from Koha item type
    Library of Congress Classification     Non-fiction Science Library (Miotso) Science Library (Miotso) General stacks 12/09/2024   QH84 .P53 PIE SLM00001169 12/09/2024 1 12/09/2024 Books
© 2023-2024 Copyright: Central University Libraries. All Rights Reserved | Created by: Mahone Tech Office